| 000 | 00692nam a2200205 4500 | ||
|---|---|---|---|
| 005 | 20240326171714.0 | ||
| 010 | _aENG-139919 | ||
| 020 |
_a9788194951773 _c949.00 |
||
| 035 | _aEN-123451 | ||
| 037 | _bDBAD | ||
| 082 | _a005.3 | ||
| 100 |
_aNazri Kama _963958 |
||
| 245 |
_aSoftware requirement change effort estimation an algorithmic approach / _cby Nazri Kama , Sufyan Basri and Yasir Mahmood |
||
| 260 |
_aKolkata _bExceller Books _c2020 |
||
| 270 |
_aG1 Dream Apartment , Degree College Road, Belgharia, _bKolkata _e700056 |
||
| 300 |
_a199p.: _bill. _c21cm(pbk) |
||
| 700 |
_aSufyan Basri _963908 |
||
| 700 |
_aYasir Mahmood _963959 |
||
| 942 |
_2ddc _cEN _h005.3 _mNAZ |
||
| 999 |
_c201788 _d201788 |
||